• 首页
  • 本馆介绍
  • 公告通知
  • 最新文献
  • 馆藏检索
  • 电子资源
  • 读者导购
  • 参考咨询
  • 我的图书馆
  • 登录
  • 详细信息显示
  • 放入我的书架
  • 预约/预借图书
  • 作者相关作品
  • 分类相关作品
  • 丛书相关作品
  • 出版社相关作品

书目信息

  • 表格格式
  • 工作单格式
  • 卡片格式
题名:
残唐五代传
    
 
作者: 罗贯中 编辑 ;李卓吾 批评
分册:  
出版信息: 北京   中国书店  1986
页数: 1册
开本: 20cm
丛书名:
单 册:
中图分类: I242.43 , I242.4
科图分类:
主题词: 讲史小说--中国--明代 , 章回小说--中国--明代 , 古典小说--中国--明代 , 小说--中国
电子资源:
ISBN:
000 00826nam0 2200301 45
001 0186014514
005 20030104235550.2
010    @dCNY3.80
100    @a19900817d1986 em y0chiy0121 ea
101 0  @achi
102    @aCN@b110000
105    @ay z 000ay
106    @ar
200 10 @a残唐五代传@Acan tang wu dai zhuan@f(明)罗贯中编辑@g李卓吾批评
205    @a影印本
210    @a北京@c中国书店@d1986
215    @a1册@d20cm
606    @a讲史小说@y中国@y明代
606    @a章回小说@y中国@y明代
606    @a古典小说@y中国@y明代
606 0  @a小说@x中国
690    @aI242.43@v3
690    @aI242.4
701  0 @a罗贯中@Aluo guan zhong@f明@4编辑
702  0 @a李卓吾@Ali zhuo wu@4批评
801  0 @aCN@b深圳图书馆@c20030104
801  2 @aCN@bNLC@c20030104
905    @f3@b255988-990@f3@b255992-994@dI242.4@e61:2
    
    残唐五代传/(明)罗贯中编辑/李卓吾批评.-影印本.-北京:中国书店,1986
    1册;20cm
    
    
    ISBN :CNY3.80
    
●
相关链接 在E读中查询图书 在五车中查询图书 在当当中查询图书 在豆瓣中查询图书


正题名:残唐五代传     索取号:I242.4/61:2         预约/预借

序号 登录号 条形码 馆藏地/架位号 状态 备注
1 0167187   000778073   密集书库/ [索取号:I242.4/61:2] 在馆    
2 0167188   001589980   密集书库/ [索取号:I242.4/61:2] 在馆    
3 0167189   001589971   密集书库/ [索取号:I242.4/61:2] 在馆    
4 0255986   000778055   密集书库/ [索取号:I242.4/61:2] 在馆    
5 0255987   000778019   密集书库/ [索取号:I242.4/61:2] 在馆    
6 0255988   000108822   密集书库/ [索取号:I242.4/61:2] 在馆    
7 0255989   000108831   密集书库/ [索取号:I242.4/61:2] 在馆    
8 0255990   000108840   密集书库/ [索取号:I242.4/61:2] 在馆    
9 0255991   000778037   密集书库/ [索取号:I242.4/61:2] 在馆    
10 0255992   000108859   第二借阅区/ [索取号:I242.4/61:2] 在馆    
11 0255993   000108868   第一样本阅览室/ [索取号:I242.4/61:2] 在馆    
12 0255994   000108877   密集书库/ [索取号:I242.4/61:2] 在馆    
13 0255995   000778028   密集书库/ [索取号:I242.4/61:2] 在馆    
唐山师范学院图书馆 欢迎您!
大连网信软件有限公司© 版权所有